UNASUR (Registro nro. 25209)

Detalles MARC
000 -LEADER
fixed length control field 00296 a2200109 4500
001 - CONTROL NUMBER
control field ART_10790
005 - DATE AND TIME OF LATEST TRANSACTION
control field 20260410161853.0
008 - FIXED-LENGTH DATA ELEMENTS--GENERAL INFORMATION
fixed length control field 260409a
100 1# - MAIN ENTRY--PERSONAL NAME
Personal name Rey, Sebastián Alejandro
245 10 - TITLE STATEMENT
Title UNASUR
773 0# - HOST ITEM ENTRY
Title Derecho público
Related parts - Año I, Nº 1 (mayo 2012)
Record control number REV10451

No hay ítems disponibles.